00565nam a22002057a 450000500170000001000110001702000100002803500110003803700160004904000120006508200140007710000180009124500500010926000550015927000280021430000200024250000510026265000230031365000230033620170124110050.0 a915588 c00.00 a915588 bCen Lib/Ret aDPLbEN a658bBEN  aBennet, C.L.  aDefining the manager's job /cby C.L. Bennet  aBombay bTaraporevala publishing industries c1977 bBombay aDeshmukh marg  a446p.c20cm(Hb) aIncludes bibliographical references and index  aComapany practice  aGaining executive